000 00294nam a2200121Ia 4500
008 191201s2014 xx 000 0 und d
100 _aGOYAL,Varun
245 0 _aInformation Theory and Coding
260 _aN. delhi
_bS K Kataria
_c2014
300 _a391
650 _aB.Tech(ECE)
942 _2ddc
_cBK
999 _c699
_d699